Mots figurant dans les formes longues des pays - Statistiques

Statistiques générales
  • Ce quiz a été pris 1 674 fois
    816 depuis la dernière actualisation
  • Le résultat moyen est 31 sur 62
Statistiques - réponses
Mot % Correct
d'
97%
de
96%
République
96%
du
90%
Royaume
87%
l'
86%
démocratique
85%
et
84%
des
79%
État
79%
la
79%
Principauté
73%
française
71%
islamique
68%
populaire
66%
Amérique
65%
gabonaise
63%
États
61%
fédérale
61%
italienne
59%
libanaise
56%
Nord
55%
slovaque
54%
Tchèque
54%
tunisienne
54%
lao
52%
syrienne
52%
Unis
52%
Grand
51%
portugaise
51%
algérienne
49%
Fédérés
49%
Irlande
49%
Fédération
48%
Bretagne
44%
Émirat
44%
Grande
44%
togolaise
44%
arabe
42%
mexicains
41%
Duché
39%
Sultanat
38%
Confédération
36%
Congo
36%
socialiste
36%
Chine
35%
indépendant
33%
Commonwealth
32%
kirghize
32%
Union
31%
Cité
29%
Hellénique
28%
Unie
28%
dominicaine
19%
centrafricaine
16%
bolivarienne
12%
orientale
11%
Darussalam
10%
fédérative
10%
plurinational
9%
hachémite
8%
coopérative
5%
Aucun quiz correspondant
Distribution des résultats
% des personnes avec chaque résultat
Percentile par nombre de réponses
Votre historique - résultats
Vous n’avez pas pris ce quiz depuis la dernière actualisation